| 000 | 00584nam a2200193 a 4500 | ||
|---|---|---|---|
| 020 | _a0697212424 | ||
| 040 | _cDLC | ||
| 082 | 0 | 0 | _a540 BRO 1995 A032 Or. |
| 100 | 1 | _aCaret, Robert L., | |
| 245 | 1 | 0 | _aFoundations of inorganic, organic & biological chemistry / |
| 246 | 3 | _aFoundations of inorganic, organic, and biological chemistry | |
| 260 |
_aDubuque, IA : _bWm. C. Brown, _cc1995. |
||
| 300 |
_axviii, 574 p. : _bill. (some col.) ; _c29 cm. |
||
| 500 | _aIncludes index. | ||
| 650 | 0 | _aChemistry. | |
| 700 | 1 | _aDenniston, K. J. | |
| 700 | 1 | _aTopping, Joseph J. | |
| 942 | _cEK | ||
| 999 |
_c12144 _d12144 |
||